000 00230nam a2200097Ia 4500
005 20251222114402.0
008 251222s1900||||xx |||||||||||||| ||spa||
082 _aDVD0110/P64/2007/Ej.2
245 0 _aLos cortos de Pixar:
942 _cDVD
999 _c1687
_d1687